[Event "Torneo Zonal FIDE 2.5 Masculino 2011"]
[Site "Asuncion PAR"]
[Date "2011.05.19"]
[Round "4.5"]
[White "Lemos, Damian"]
[Black "Peralta, Eduardo"]
[Result "1-0"]
[WhiteElo "2550"]
[BlackElo "2237"]
[PlyCount "107"]
[EventDate "2011.05.16"]
[EventType "swiss"]
[EventRounds "9"]
[EventCountry "PAR"]
[Source "lmi"]
[SourceDate "2011.05.16"]

1. d4 Nf6 2. c4 c5 3. d5 d6 4. Nc3 g6 5. g3 Bg7 6. Bg2 O-O 7. Nf3 e5 8. O-O
Nbd7 9. e4 a6 10. a4 a5 11. Bd2 Ne8 12. Qe2 b6 13. b3 Kh8 14. Rac1 Rb8 15. Nb5
Rb7 16. Ng5 h6 17. Nf3 Ndf6 18. Ne1 Re7 19. Nd3 Nc7 20. Nc3 Na6 21. Na2 Bd7 22.
Bc3 Rfe8 23. f4 Bg4 24. Qd2 Nb4 25. fxe5 dxe5 26. Naxb4 axb4 27. Bb2 Qd6 28.
Rf2 Kg8 29. Ra1 Ra8 30. Raf1 Bd7 31. Re2 Bg4 32. Ree1 Bd7 33. Nf2 Nh7 34. Bc1
Rf8 35. g4 g5 36. Nd1 Bxg4 37. Ne3 Bd7 38. Qf2 Rd8 39. Qg3 Nf6 40. Bf3 Kh8 41.
h3 Rg8 42. Bg4 Nxe4 43. Qg2 Nc3 44. Bxd7 Qxd7 45. Nf5 e4 46. Nxe7 Qxe7 47. Qg4
Rf8 48. Kg2 Qe5 49. Rf5 Qd4 50. Be3 Qd3 51. Rf2 f5 52. Rxf5 Rxf5 53. Qxf5 Ne2
54. Qf1 1-0

[Event "Torneo Zonal FIDE 2.5 Masculino 2011"]
[Site "Asuncion PAR"]
[Date "2011.05.19"]
[Round "4.6"]
[White "Sabas, Jorge"]
[Black "Pierrot, Facundo"]
[Result "0-1"]
[WhiteElo "2267"]
[BlackElo "2449"]
[PlyCount "76"]
[EventDate "2011.05.16"]
[EventType "swiss"]
[EventRounds "9"]
[EventCountry "PAR"]
[Source "lmi"]
[SourceDate "2011.05.16"]

1. d4 Nf6 2. c4 g6 3. Nc3 d5 4. Nf3 Bg7 5. Bg5 Ne4 6. cxd5 Nxg5 7. Nxg5 e6 8.
Qd2 h6 9. Nh3 exd5 10. Nf4 O-O 11. e3 c6 12. Be2 a5 13. O-O Re8 14. Rfe1 Nd7
15. Rad1 Nf6 16. f3 h5 17. Bf1 Bh6 18. g3 b6 19. Bg2 Ra7 20. e4 dxe4 21. fxe4
Bg4 22. Rb1 Rd7 23. d5 cxd5 24. exd5 h4 25. Qf2 hxg3 26. hxg3 Bf5 27. Rxe8+
Qxe8 28. Re1 Qd8 29. a4 Ng4 30. Qd2 Bf8 31. Bf3 Bc5+ 32. Kh1 Re7 33. Qd1 Rxe1+
34. Qxe1 Bf2 35. Qf1 Bxg3 36. Bxg4 Bxg4 37. Ng2 Qg5 38. Kg1 Qh5 0-1

[Event "Torneo Zonal FIDE 2.5 Masculino 2011"]
[Site "Asuncion PAR"]
[Date "2011.05.19"]
[Round "4.7"]
[White "Kropff, Ricardo"]
[Black "Latorre, Matias"]
[Result "0-1"]
[WhiteElo "2298"]
[BlackElo "2197"]
[PlyCount "102"]
[EventDate "2011.05.16"]
[EventType "swiss"]
[EventRounds "9"]
[EventCountry "PAR"]
[Source "lmi"]
[SourceDate "2011.05.16"]

1. c4 g6 2. Nc3 Bg7 3. g3 c5 4. Bg2 Nf6 5. e4 Nc6 6. Nge2 d6 7. O-O O-O 8. d3
Ne8 9. Be3 Bg4 10. f3 Be6 11. Rb1 Rb8 12. a3 Nc7 13. b4 cxb4 14. axb4 b5 15.
Nd5 a5 16. bxa5 Bxd5 17. exd5 Nxa5 18. cxb5 Nxb5 19. Qa4 Nc3 20. Nxc3 Bxc3 21.
Qa3 Qc7 22. Rfc1 Rxb1 23. Rxb1 Bg7 24. Rb5 Nb7 25. Qa7 Rb8 26. f4 Qc8 27. Bf3
Bc3 28. Bg4 f5 29. Bd1 Ra8 30. Qxb7 Qxb7 31. Rxb7 Ra1 32. Rb3 Rxd1+ 33. Kf2 Bf6
34. h4 Ra1 35. Rb5 Ra2+ 36. Kf3 Rb2 37. Ra5 Kf7 38. Bf2 Rb3 39. Ke2 Bc3 40. Ra4
Rb2+ 41. Ke3 Bd2+ 42. Kf3 Rb5 43. Ke2 Bc3 44. Be1 Rb2+ 45. Kd1 Rb1+ 46. Kc2
Rxe1 47. Kxc3 Rg1 48. Ra8 Rxg3 49. Rh8 h5 50. Rh7+ Kf6 51. Kd4 Rf3 0-1

[Event "Torneo Zonal FIDE 2.5 Masculino 2011"]
[Site "Asuncion PAR"]
[Date "2011.05.19"]
[Round "4.9"]
[White "Vazquez, Guilermo"]
[Black "Lujan, Carolina"]
[Result "0-1"]
[WhiteElo "2199"]
[BlackElo "2353"]
[PlyCount "196"]
[EventDate "2011.05.16"]
[EventType "swiss"]
[EventRounds "9"]
[EventCountry "PAR"]
[Source "lmi"]
[SourceDate "2011.05.16"]

1. d4 f5 2. Nc3 d5 3. Bg5 c6 4. e3 Qb6 5. Na4 Qa5+ 6. c3 g6 7. b4 Qd8 8. Nc5
Nh6 9. Nf3 Nf7 10. Bf4 Bg7 11. a4 b6 12. Nd3 Nd7 13. h4 e6 14. h5 g5 15. h6 Bf6
16. Bg3 O-O 17. Nfe5 Ndxe5 18. Nxe5 Nxe5 19. Bxe5 Bd7 20. Bd3 Kh8 21. Qf3 Bxe5
22. dxe5 a5 23. bxa5 Rxa5 24. g4 f4 25. e4 Qc7 26. O-O Qxe5 27. exd5 cxd5 28.
c4 dxc4 29. Bxc4 Rc5 30. Rae1 Qf6 31. Qb3 e5 32. f3 Bc6 33. Bd3 Qd6 34. Qxb6
Qd4+ 35. Kh1 Rc3 36. Qxd4 exd4 37. Be4 Rf6 38. Bxc6 Rxh6+ 39. Kg2 Rhxc6 40.
Re8+ Kg7 41. Rd8 R6c4 42. Rd1 Rc2+ 43. Kg1 Rxa4 44. R8xd4 Rxd4 45. Rxd4 Rc6 46.
Kf2 Re6 47. Rd7+ Kg6 48. Rd8 Ra6 49. Rb8 h6 50. Rc8 Kf6 51. Re8 Re6 52. Ra8 Ke5
53. Ra5+ Kd4 54. Ra4+ Kc5 55. Ra5+ Kb4 56. Ra8 Rc6 57. Rb8+ Kc3 58. Rd8 Kc4 59.
Rd7 Kc5 60. Rd8 Rd6 61. Rc8+ Kd4 62. Ra8 Ke5 63. Re8+ Re6 64. Ra8 Kf6 65. Rf8+
Kg7 66. Ra8 Rb6 67. Ra7+ Kf6 68. Rh7 Kg6 69. Rh8 Rb2+ 70. Kf1 Rb7 71. Ra8 Rf7
72. Kf2 Re7 73. Ra6+ Kg7 74. Ra8 Rb7 75. Rc8 Kh7 76. Ra8 h5 77. gxh5 Kh6 78.
Rh8+ Rh7 79. Ra8 Kxh5 80. Kg2 Rc7 81. Rh8+ Kg6 82. Ra8 Rc5 83. Kh3 Rc1 84. Rg8+
Kf6 85. Rf8+ Kg7 86. Ra8 Rg1 87. Ra3 Rg3+ 88. Kh2 Kg6 89. Rb3 Kh5 90. Ra3 Kh4
91. Rb3 g4 92. Rb8 Rxf3 93. Rh8+ Kg5 94. Rg8+ Kf5 95. Rf8+ Ke4 96. Re8+ Kd3 97.
Rg8 g3+ 98. Kg1 Ke2 0-1

[Event "Torneo Zonal FIDE 2.5 Masculino 2011"]
[Site "Asuncion PAR"]
[Date "2011.05.19"]
[Round "4.10"]
[White "Goiriz, Y Damian"]
[Black "Latorre, Manuel"]
[Result "0-1"]
[WhiteElo "2093"]
[BlackElo "2312"]
[PlyCount "76"]
[EventDate "2011.05.16"]
[EventType "swiss"]
[EventRounds "9"]
[EventCountry "PAR"]
[Source "lmi"]
[SourceDate "2011.05.16"]

1. Nf3 Nf6 2. g3 d5 3. Bg2 Bf5 4. c4 c6 5. d4 e6 6. Nc3 Be7 7. O-O O-O 8. Nd2
Nbd7 9. e4 dxe4 10. Ndxe4 Nxe4 11. Nxe4 Nf6 12. Nc3 Qb6 13. b3 Rfd8 14. Be3 Qa5
15. Ne2 e5 16. Qe1 Bb4 17. Qc1 Ba3 18. Qe1 Qxe1 19. Rfxe1 Bb2 20. Rad1 exd4 21.
Bxd4 Ba3 22. h3 Bc2 23. Ra1 Ne4 24. f3 Nxg3 25. Bc3 Bc5+ 26. Kh2 Nf5 27. Rac1
Bd3 28. Nf4 Be3 29. Nh5 Bxc1 30. Rxc1 f6 31. Rd1 Kf7 32. Nf4 Bc2 33. Rc1 Ne3
34. Bh1 Rd1 35. Rxd1 Nxd1 36. Bd4 Rd8 37. Bxa7 Ra8 38. Bd4 Rxa2 0-1

[Event "Torneo Zonal FIDE 2.5 Masculino 2011"]
[Site "Asuncion PAR"]
[Date "2011.05.19"]
[Round "4.14"]
[White "Saldana, Fernando Javier"]
[Black "Richter Becerra, Hans"]
[Result "0-1"]
[WhiteElo "1742"]
[BlackElo "2148"]
[PlyCount "68"]
[EventDate "2011.05.16"]
[EventType "swiss"]
[EventRounds "9"]
[EventCountry "PAR"]
[Source "lmi"]
[SourceDate "2011.05.16"]

1. d4 Nf6 2. Nf3 e6 3. c4 d5 4. cxd5 exd5 5. g3 Bd6 6. Bg2 O-O 7. O-O Re8 8.
Bg5 c6 9. e3 h6 10. Bxf6 Qxf6 11. Nbd2 Bf5 12. a3 a5 13. Nb3 Nd7 14. Qd2 a4 15.
Nc1 Nb6 16. Qc3 Nc4 17. Nd2 b5 18. Na2 Bc7 19. Nb4 Ba5 20. Rfe1 Qg6 21. Nf3 Be4
22. Nh4 Qd6 23. Bxe4 Rxe4 24. Ng2 Rae8 25. Red1 h5 26. h4 Qd7 27. b3 axb3 28.
Qxb3 Bc7 29. Nd3 Qh3 30. Ndf4 Bxf4 31. Nxf4 Rxf4 32. exf4 Ne3 33. Qxe3 Rxe3 34.
fxe3 Qxg3+ 0-1

[Event "Torneo Zonal FIDE 2.5 Masculino 2011"]
[Site "Asuncion PAR"]
[Date "2011.05.19"]
[Round "4.15"]
[White "Gamarra, Ramon"]
[Black "Torres, Mauricio"]
[Result "0-1"]
[WhiteElo "2009"]
[BlackElo "1724"]
[PlyCount "120"]
[EventDate "2011.05.16"]
[EventType "swiss"]
[EventRounds "9"]
[EventCountry "PAR"]
[Source "lmi"]
[SourceDate "2011.05.16"]

1. c4 Nf6 2. Nc3 g6 3. g3 Bg7 4. Bg2 O-O 5. e3 d6 6. Nge2 e5 7. O-O Nc6 8. Rb1
Bg4 9. h3 Be6 10. Nd5 Bf5 11. d3 Ne7 12. Nec3 c6 13. Nxf6+ Bxf6 14. b4 d5 15.
e4 Be6 16. Qe2 d4 17. Nd1 Bg7 18. Kh2 f5 19. exf5 gxf5 20. f4 Ng6 21. b5 Qd7
22. bxc6 bxc6 23. fxe5 Bxe5 24. Bf4 Bxf4 25. gxf4 Rab8 26. Rc1 c5 27. Qd2 Rf7
28. Re1 Kf8 29. Rc2 Qd6 30. Rf1 Kg7 31. Qf2 Rb1 32. Rb2 Ra1 33. h4 Qxf4+ 34.
Qxf4 Nxf4 35. Nf2 Rxf1 36. Bxf1 Bc8 37. Rb5 Ne6 38. Bg2 Rc7 39. Bd5 Nf4 40. Bf3
Kf6 41. Kg3 Ne6 42. Bd5 Ng7 43. Bf3 Ke5 44. Nh3 f4+ 45. Kh2 Bxh3 46. Kxh3 Nf5
47. a4 Ne3 48. a5 Kd6 49. a6 Rg7 50. Be4 Rg3+ 51. Kh2 Ng4+ 52. Kh1 Nf2+ 53. Kh2
Nxe4 54. dxe4 d3 55. e5+ Kxe5 56. Rxc5+ Kd4 57. Rc7 d2 58. Rxa7 Kc3 59. Rd7 Kc2
60. a7 Ra3 0-1

[Event "Torneo Zonal FIDE 2.5 Masculino 2011"]
[Site "Asuncion PAR"]
[Date "2011.05.19"]
[Round "4.16"]
[White "Lipiniks, Leonardo"]
[Black "Mesias Rojas, Rabindranath"]
[Result "0-1"]
[WhiteElo "1852"]
[BlackElo "2205"]
[PlyCount "56"]
[EventDate "2011.05.16"]
[EventType "swiss"]
[EventRounds "9"]
[EventCountry "PAR"]
[Source "lmi"]
[SourceDate "2011.05.16"]

1. e4 c5 2. Nf3 Nf6 3. e5 Nd5 4. Nc3 e6 5. Nxd5 exd5 6. d4 Nc6 7. c3 cxd4 8.
cxd4 d6 9. exd6 Bxd6 10. Be2 O-O 11. O-O Bg4 12. b3 Re8 13. Bb2 Qf6 14. h3 Bh5
15. Qd2 Bb4 16. Qd1 Re4 17. a3 Bd6 18. Re1 Rae8 19. Ne5 Nxe5 20. dxe5 Bxe5 21.
Bxh5 Bxb2 22. Rxe4 dxe4 23. Rb1 Bd4 24. Qe2 e3 25. Kf1 Kf8 26. Bf3 exf2 27. Qd2
Qe5 28. Bxb7 Qb5+ 0-1

[Event "Torneo Zonal FIDE 2.5 Masculino 2011"]
[Site "Asuncion PAR"]
[Date "2011.05.19"]
[Round "4.17"]
[White "Daneri, Martin"]
[Black "Heinechen, John"]
[Result "1-0"]
[WhiteElo "2095"]
[BlackElo "1799"]
[PlyCount "71"]
[EventDate "2011.05.16"]
[EventType "swiss"]
[EventRounds "9"]
[EventCountry "PAR"]
[Source "lmi"]
[SourceDate "2011.05.16"]

1. e4 g6 2. c4 Bg7 3. d4 d6 4. Nc3 Nd7 5. f4 c5 6. d5 a6 7. a4 Qc7 8. Nf3 Ngf6
9. Be2 O-O 10. O-O b6 11. h3 Bb7 12. Be3 Nh5 13. Kh2 e5 14. dxe6 fxe6 15. Ng5
Rae8 16. Bg4 Nhf6 17. Nxe6 Nxg4+ 18. Qxg4 Nf6 19. Nxc7 Nxg4+ 20. hxg4 Re7 21.
N7d5 Bxd5 22. cxd5 Bxc3 23. bxc3 Rxe4 24. Rf3 g5 25. f5 h6 26. f6 Kf7 27. Rb1
Rb8 28. Bf2 Rxa4 29. Bg3 b5 30. Bxd6 Rd8 31. Bxc5 Rxd5 32. Bd4 a5 33. Re1 b4
34. Re7+ Kf8 35. f7 Rd8 36. Bc5 1-0

[Event "Torneo Zonal FIDE 2.5 Masculino 2011"]
[Site "Asuncion PAR"]
[Date "2011.05.20"]
[Round "5.1"]
[White "Mareco, Sandro"]
[Black "Felgaer, Ruben"]
[Result "1/2-1/2"]
[WhiteElo "2591"]
[BlackElo "2570"]
[PlyCount "60"]
[EventDate "2011.05.16"]
[EventType "swiss"]
[EventRounds "9"]
[EventCountry "PAR"]
[Source "lmi"]
[SourceDate "2011.05.16"]

1. d4 d5 2. c4 c6 3. Nf3 Nf6 4. Nc3 dxc4 5. a4 Bf5 6. Ne5 Nbd7 7. Nxc4 Nb6 8.
Ne5 a5 9. e3 Nbd7 10. Nc4 e6 11. f3 Nb6 12. e4 Bg6 13. Ne5 Nfd7 14. Nxg6 hxg6
15. Be3 e5 16. dxe5 Bc5 17. Bxc5 Nxc5 18. Qd6 Qxd6 19. exd6 O-O-O 20. O-O-O g5
21. h4 Rh6 22. Be2 gxh4 23. e5 g5 24. Ne4 Ne6 25. g3 Nd7 26. Bc4 Nxe5 27. Bxe6+
Rxe6 28. Nxg5 Rexd6 29. Rxd6 Rxd6 30. gxh4 Rh6 1/2-1/2

[Event "Torneo Zonal FIDE 2.5 Masculino 2011"]
[Site "Asuncion PAR"]
[Date "2011.05.20"]
[Round "5.3"]
[White "Pierrot, Facundo"]
[Black "Lemos, Damian"]
[Result "1/2-1/2"]
[WhiteElo "2449"]
[BlackElo "2550"]
[PlyCount "90"]
[EventDate "2011.05.16"]
[EventType "swiss"]
[EventRounds "9"]
[EventCountry "PAR"]
[Source "lmi"]
[SourceDate "2011.05.16"]

1. e4 g6 2. d4 Bg7 3. Nf3 d6 4. Bd3 Nf6 5. O-O O-O 6. h3 c6 7. Re1 Qc7 8. a4 e5
9. dxe5 dxe5 10. Be3 Nbd7 11. Nbd2 Nh5 12. a5 Nf4 13. Bc4 Nf6 14. Nb3 Nxg2 15.
Kxg2 Nxe4 16. Nfd2 Nf6 17. Nc5 Nd5 18. Qf3 Qe7 19. Bxd5 cxd5 20. Qxd5 Qh4 21.
Rh1 Bf5 22. Ra4 Qe7 23. Qxb7 Qd8 24. Nde4 Rb8 25. Qxa7 Rxb2 26. Qa6 Rxc2 27.
Nd6 Rxc5 28. Bxc5 Qg5+ 29. Kf1 Qc1+ 30. Kg2 Qg5+ 31. Kh2 e4 32. Nxf5 Qxf5 33.
Be3 Be5+ 34. Kg1 Qf3 35. Rb4 Rd8 36. Rb1 Rd3 37. Re1 Bc3 38. Bh6 Rd8 39. Rc1
Bd4 40. Rh2 e3 41. Bxe3 Bxe3 42. Rc8 Qd1+ 43. Kg2 Qd5+ 44. Kf1 Qd1+ 45. Kg2
Qd5+ 1/2-1/2

[Event "Torneo Zonal FIDE 2.5 Masculino 2011"]
[Site "Asuncion PAR"]
[Date "2011.05.20"]
[Round "5.5"]
[White "Bachmann, Axel"]
[Black "Lujan, Carolina"]
[Result "1-0"]
[WhiteElo "2551"]
[BlackElo "2353"]
[PlyCount "63"]
[EventDate "2011.05.16"]
[EventType "swiss"]
[EventRounds "9"]
[EventCountry "PAR"]
[Source "lmi"]
[SourceDate "2011.05.16"]

1. Nf3 f5 2. g3 Nf6 3. Bg2 g6 4. O-O Bg7 5. d4 d6 6. c4 O-O 7. Nc3 Nc6 8. d5
Na5 9. b3 c5 10. Bd2 Bd7 11. Qe1 b6 12. Rc1 a6 13. e4 Ng4 14. Ng5 Ne5 15. Qe2
h6 16. Nf3 Ra7 17. Nxe5 dxe5 18. f4 exf4 19. gxf4 fxe4 20. Bxe4 Qe8 21. Kh1 e5
22. fxe5 Rxf1+ 23. Qxf1 Bxe5 24. Re1 Bg7 25. d6 Qf8 26. Bd5+ Kh7 27. Qxf8 Bxf8
28. Ne4 g5 29. Rf1 Bg7 30. Rf7 Kg6 31. Bxa5 bxa5 32. Nxc5 1-0

[Event "Torneo Zonal FIDE 2.5 Masculino 2011"]
[Site "Asuncion PAR"]
[Date "2011.05.20"]
[Round "5.6"]
[White "Rodriguez Vila, Andres"]
[Black "Latorre, Manuel"]
[Result "1/2-1/2"]
[WhiteElo "2527"]
[BlackElo "2312"]
[PlyCount "58"]
[EventDate "2011.05.16"]
[EventType "swiss"]
[EventRounds "9"]
[EventCountry "PAR"]
[Source "lmi"]
[SourceDate "2011.05.16"]

1. e4 e6 2. d4 d5 3. e5 c5 4. c3 Nc6 5. Nf3 Qb6 6. Bd3 Nh6 7. dxc5 Bxc5 8. O-O
a5 9. Qc2 Nf5 10. Nbd2 O-O 11. g4 Nfe7 12. Nb3 Ng6 13. Nxc5 Qxc5 14. Ng5 Ncxe5
15. Be3 Qc7 16. f4 Nxd3 17. Qxd3 f6 18. Nf3 Qd6 19. Qd2 Bd7 20. Rad1 e5 21.
Qxd5+ Qxd5 22. Rxd5 Bc6 23. Rd6 exf4 24. Bc5 Rfe8 25. Nd4 Be4 26. Nf5 Bc6 27.
Nd4 Be4 28. Nf5 Bc6 29. Nd4 Be4 1/2-1/2

[Event "Torneo Zonal FIDE 2.5 Masculino 2011"]
[Site "Asuncion PAR"]
[Date "2011.05.20"]
[Round "5.8"]
[White "Mayorga, Nicolas"]
[Black "Kropff, Ricardo"]
[Result "1-0"]
[WhiteElo "2293"]
[BlackElo "2298"]
[PlyCount "31"]
[EventDate "2011.05.16"]
[EventType "swiss"]
[EventRounds "9"]
[EventCountry "PAR"]
[Source "lmi"]
[SourceDate "2011.05.16"]

1. e4 c6 2. d4 d5 3. Nc3 dxe4 4. Nxe4 Bf5 5. Ng3 Bg6 6. h4 h6 7. Nh3 Nf6 8. Nf4
Bh7 9. Bc4 Nd5 10. O-O e6 11. Re1 Nxf4 12. Bxf4 Bd6 13. Qg4 Bxf4 14. Rxe6+ fxe6
15. Qxe6+ Qe7 16. Qc8+ 1-0

[Event "Torneo Zonal FIDE 2.5 Masculino 2011"]
[Site "Asuncion PAR"]
[Date "2011.05.20"]
[Round "5.10"]
[White "Avalos Parra, Joao"]
[Black "Jodorcovsky Werjivker, Paulo"]
[Result "0-1"]
[WhiteElo "2251"]
[BlackElo "2182"]
[PlyCount "60"]
[EventDate "2011.05.16"]
[EventType "swiss"]
[EventRounds "9"]
[EventCountry "PAR"]
[Source "lmi"]
[SourceDate "2011.05.16"]

1. c4 e6 2. d4 d5 3. Nc3 c6 4. e3 f5 5. Bd3 Nf6 6. Nge2 Bd6 7. f3 O-O 8. Qc2
Nbd7 9. Bd2 dxc4 10. Bxc4 Nb6 11. Bd3 Nbd5 12. Nxd5 cxd5 13. O-O Qe7 14. Qb3
Bd7 15. a3 a5 16. Nc3 Bc6 17. Nb5 Bxb5 18. Qxb5 Nh5 19. f4 g5 20. Rac1 Kh8 21.
Be2 Nf6 22. Bxa5 gxf4 23. exf4 Ne4 24. Bd3 Qg7 25. Bxe4 fxe4 26. Bc3 Bxf4 27.
Rce1 Rg8 28. Re2 Raf8 29. Kh1 Qh6 30. h3 Rg3 0-1

[Event "Torneo Zonal FIDE 2.5 Masculino 2011"]
[Site "Asuncion PAR"]
[Date "2011.05.20"]
[Round "5.12"]
[White "Torres, Mauricio"]
[Black "Jimenez, Joaquin"]
[Result "0-1"]
[WhiteElo "1724"]
[BlackElo "2224"]
[PlyCount "72"]
[EventDate "2011.05.16"]
[EventType "swiss"]
[EventRounds "9"]
[EventCountry "PAR"]
[Source "lmi"]
[SourceDate "2011.05.16"]

1. e4 e5 2. Nc3 Nc6 3. g3 Bc5 4. Bg2 d6 5. Nge2 Be6 6. Na4 Bb6 7. Nxb6 axb6 8.
O-O Qd7 9. f4 Bg4 10. c3 h5 11. f5 h4 12. Bf3 Bh3 13. Bg2 Bxg2 14. Kxg2 Nf6 15.
d3 d5 16. Bg5 dxe4 17. Bxf6 exd3 18. Bxg7 dxe2 19. Qxe2 Rg8 20. Bf6 hxg3 21.
Rad1 gxh2+ 22. Kxh2 Qc8 23. b4 b5 24. c4 Kf8 25. cxb5 Ne7 26. Bxe7+ Kxe7 27.
Qxe5+ Kf8 28. Qc5+ Kg7 29. f6+ Kh6 30. Rf5 Rxa2+ 31. Kh1 Rg5 32. Rdd5 Qe6 33.
Rde5 Ra1+ 34. Kh2 Qa2+ 35. Rf2 Rh1+ 36. Kxh1 Qb1+ 0-1

[Event "Torneo Zonal FIDE 2.5 Masculino 2011"]
[Site "Asuncion PAR"]
[Date "2011.05.20"]
[Round "5.13"]
[White "Mesias Rojas, Rabindranath"]
[Black "Daneri, Martin"]
[Result "1-0"]
[WhiteElo "2205"]
[BlackElo "2095"]
[PlyCount "79"]
[EventDate "2011.05.16"]
[EventType "swiss"]
[EventRounds "9"]
[EventCountry "PAR"]
[Source "lmi"]
[SourceDate "2011.05.16"]

1. d4 e6 2. c4 f5 3. g3 Nf6 4. Bg2 c6 5. Nf3 d5 6. b3 Bd6 7. O-O Qe7 8. a4 a5
9. Ba3 Bxa3 10. Nxa3 Nbd7 11. Nc2 O-O 12. Nce1 dxc4 13. bxc4 e5 14. e3 e4 15.
Nd2 c5 16. Nc2 b6 17. f3 Bb7 18. d5 exf3 19. Qxf3 Ne8 20. e4 Ne5 21. Qb3 Nd6
22. exf5 Ba6 23. Ne3 Qg5 24. Ne4 Nxe4 25. Bxe4 Rae8 26. Rf4 h5 27. Raf1 Rf6 28.
Qc3 Nf7 29. Ng2 Nd6 30. Bd3 Rf7 31. f6 g6 32. Nh4 Nf5 33. Bxf5 gxf5 34. Rxf5
Qe3+ 35. Qxe3 Rxe3 36. Rg5+ Kf8 37. Ng6+ Ke8 38. Re5+ Rxe5 39. Nxe5 Rf8 40. f7+
1-0

[Event "Torneo Zonal FIDE 2.5 Masculino 2011"]
[Site "Asuncion PAR"]
[Date "2011.05.20"]
[Round "5.14"]
[White "Goiriz, Y Damian"]
[Black "Vazquez, Guilermo"]
[Result "0-1"]
[WhiteElo "2093"]
[BlackElo "2199"]
[PlyCount "32"]
[EventDate "2011.05.16"]
[EventType "swiss"]
[EventRounds "9"]
[EventCountry "PAR"]
[Source "lmi"]
[SourceDate "2011.05.16"]

1. Nf3 Nf6 2. g3 g6 3. b3 Bg7 4. Bb2 d6 5. d4 c5 6. Bg2 cxd4 7. Nxd4 d5 8. O-O
O-O 9. c4 dxc4 10. bxc4 Qb6 11. Qb3 Nfd7 12. e3 Nc6 13. Rd1 Nc5 14. Qb5 Na4 15.
Nxc6 Nxb2 16. Rf1 bxc6 0-1

[Event "Torneo Zonal FIDE 2.5 Masculino 2011"]
[Site "Asuncion PAR"]
[Date "2011.05.20"]
[Round "5.15"]
[White "Florentin, Damaso"]
[Black "Roselli Mailhe, Bernardo"]
[Result "0-1"]
[WhiteElo "1743"]
[BlackElo "2437"]
[PlyCount "76"]
[EventDate "2011.05.16"]
[EventType "swiss"]
[EventRounds "9"]
[EventCountry "PAR"]
[Source "lmi"]
[SourceDate "2011.05.16"]

1. e4 e6 2. c3 d5 3. exd5 exd5 4. d4 Bd6 5. Nf3 Nc6 6. Bd3 Nge7 7. Nbd2 Bg4 8.
Qc2 Qd7 9. h3 Bf5 10. Nf1 O-O-O 11. Ne3 Bxd3 12. Qxd3 f6 13. Bd2 g5 14. O-O-O
h5 15. g4 Bf4 16. Rhg1 hxg4 17. Nxg4 Qd6 18. Rh1 Rh5 19. Ne3 Rdh8 20. Nf5 Bxd2+
21. Nxd2 Qd7 22. Nxe7+ Nxe7 23. Rde1 Rxh3 24. Rxh3 Rxh3 25. Qe2 Nf5 26. Nb3 b6
27. Qa6+ Kb8 28. a4 Rh8 29. a5 Re8 30. Rh1 Nd6 31. axb6 axb6 32. Nd2 Qf5 33.
Qf1 Kb7 34. b3 Qf4 35. Qd1 Ne4 36. Qe2 Ra8 37. Qe3 Qxe3 38. fxe3 Ra1+ 0-1

[Event "Torneo Zonal FIDE 2.5 Masculino 2011"]
[Site "Asuncion PAR"]
[Date "2011.05.20"]
[Round "5.16"]
[White "Saldana, Fernando Javier"]
[Black "Roman, Rodrigo"]
[Result "0-1"]
[WhiteElo "1742"]
[BlackElo "1986"]
[PlyCount "88"]
[EventDate "2011.05.16"]
[EventType "swiss"]
[EventRounds "9"]
[EventCountry "PAR"]
[Source "lmi"]
[SourceDate "2011.05.16"]

1. e4 c5 2. c3 e6 3. d4 Nf6 4. e5 Nd5 5. Nf3 cxd4 6. cxd4 Nc6 7. Be2 d6 8. O-O
a6 9. a3 Be7 10. b4 O-O 11. Bb2 dxe5 12. dxe5 Nf4 13. Bc4 b5 14. Bb3 Bb7 15.
Qd2 Qxd2 16. Nbxd2 Rfd8 17. Rad1 Rac8 18. Nb1 g5 19. Rxd8+ Rxd8 20. Rd1 Nd3 21.
Bc3 g4 22. Ne1 Ndxe5 23. Rxd8+ Bxd8 24. Nd2 Bb6 25. Kf1 Kf8 26. f4 Ng6 27. g3
Nd4 28. Bd1 h5 29. a4 Ne7 30. Nb3 Nxb3 31. Bxb3 Bd5 32. Bd1 Bc4+ 33. Kg2 Nd5
34. Bd2 Be3 35. Nc2 Bxd2 36. axb5 axb5 37. h3 Nc3 38. Bxg4 hxg4 39. hxg4 Nd5
40. Kh3 Nxb4 41. Nd4 Nd5 42. g5 b4 43. g6 Bc3 44. Nc2 fxg6 0-1

[Event "Torneo Zonal FIDE 2.5 Masculino 2011"]
[Site "Asuncion PAR"]
[Date "2011.05.21"]
[Round "6.3"]
[White "Flores, Diego"]
[Black "Larrea, Manuel"]
[Result "1-0"]
[WhiteElo "2611"]
[BlackElo "2299"]
[PlyCount "71"]
[EventDate "2011.05.16"]
[EventType "swiss"]
[EventRounds "9"]
[EventCountry "PAR"]
[Source "lmi"]
[SourceDate "2011.05.16"]

1. c4 c5 2. Nc3 Nc6 3. Nf3 g6 4. e3 Bg7 5. d4 d6 6. d5 Ne5 7. Nd2 Nf6 8. Be2 h5
9. h3 h4 10. f4 Ned7 11. O-O Nh5 12. Bxh5 Rxh5 13. e4 Bd4+ 14. Kh2 Nf6 15. Nb5
Bd7 16. Nxd4 cxd4 17. b3 Qb6 18. a4 a5 19. Ba3 Kf8 20. Qe2 Kg7 21. Qf2 g5 22.
fxg5 Rxg5 23. Bb2 Rg6 24. Bxd4 Qc7 25. Nf3 Rh8 26. Nxh4 Kg8 27. Bxf6 Rxf6 28.
Qg3+ Kf8 29. Rxf6 exf6 30. Rf1 Rh6 31. Qf4 Kg7 32. Rf3 Qd8 33. Qxd6 Rxh4 34.
Qg3+ Bg4 35. Rf4 f5 36. exf5 1-0

[Event "Torneo Zonal FIDE 2.5 Masculino 2011"]
[Site "Asuncion PAR"]
[Date "2011.05.21"]
[Round "6.4"]
[White "Lemos, Damian"]
[Black "Mayorga, Nicolas"]
[Result "1/2-1/2"]
[WhiteElo "2550"]
[BlackElo "2293"]
[PlyCount "93"]
[EventDate "2011.05.16"]
[EventType "swiss"]
[EventRounds "9"]
[EventCountry "PAR"]
[Source "lmi"]
[SourceDate "2011.05.16"]

1. d4 Nf6 2. c4 c5 3. d5 e6 4. Nc3 exd5 5. cxd5 g6 6. Nf3 d6 7. g3 Bg7 8. Bg2
O-O 9. O-O Re8 10. Nd2 a6 11. a4 Nbd7 12. h3 Rb8 13. Nc4 Ne5 14. Na3 Nh5 15. e4
Bd7 16. a5 b5 17. axb6 Bb5 18. Naxb5 axb5 19. Nxb5 Qxb6 20. Nc3 Nc4 21. Ra2 Qb3
22. g4 Nf6 23. Bf3 Qxd1 24. Rxd1 Rb4 25. Be2 Nd7 26. Bxc4 Rxc4 27. Bf4 Bxc3 28.
bxc3 Ne5 29. Ra6 Rxe4 30. Bh6 f6 31. Rb1 Nf7 32. Bd2 g5 33. Be3 Kg7 34. Rbb6
Kg6 35. Ra7 R8e7 36. Ra8 Re8 37. Raa6 Rc4 38. Rb7 Rxc3 39. Raa7 Rf8 40. Kg2 Rd3
41. Bc1 Rxd5 42. Rc7 h6 43. Bb2 f5 44. Rd7 Ne5 45. Rg7+ Kf6 46. Rh7 Kg6 47.
Rhg7+ 1/2-1/2

[Event "Torneo Zonal FIDE 2.5 Masculino 2011"]
[Site "Asuncion PAR"]
[Date "2011.05.21"]
[Round "6.5"]
[White "Latorre, Manuel"]
[Black "Pierrot, Facundo"]
[Result "0-1"]
[WhiteElo "2312"]
[BlackElo "2449"]
[PlyCount "120"]
[EventDate "2011.05.16"]
[EventType "swiss"]
[EventRounds "9"]
[EventCountry "PAR"]
[Source "lmi"]
[SourceDate "2011.05.16"]

1. Nf3 Nf6 2. c4 c5 3. Nc3 Nc6 4. g3 d5 5. cxd5 Nxd5 6. Bg2 Nc7 7. O-O e5 8. a3
Bd6 9. Rb1 a5 10. d3 O-O 11. Be3 Rb8 12. Nd2 Nd4 13. Nc4 Nce6 14. Bxd4 Nxd4 15.
Ne4 Bc7 16. Nxc5 b5 17. Ne3 f5 18. Nc2 Ne6 19. b4 a4 20. e3 f4 21. d4 Ng5 22.
dxe5 f3 23. Qxd8 Rxd8 24. Rfe1 fxg2 25. f4 Bf5 26. Nd4 Bxb1 27. Rxb1 Rxd4 28.
exd4 Nf3+ 29. Kxg2 Nxd4 30. Na6 Rb7 31. Rc1 Bb6 32. Rc8+ Kf7 33. g4 g6 34. Kg3
Ke6 35. Rf8 Kd5 36. Rf6 Ke4 37. Kh4 Nc2 38. Kg5 Nxa3 39. e6 Re7 40. f5 Be3+ 41.
Kh4 Ke5 42. Rf8 Bh6 43. Rg8 gxf5 44. g5 Bg7 45. Nc5 Nc4 46. Kh5 a3 47. Ra8 Kd6
48. Ra6+ Kd5 49. g6 hxg6+ 50. Kxg6 Bd4 51. Kxf5 Nd6+ 52. Kg5 Bxc5 53. bxc5 Ne4+
54. Kf5 Nxc5 55. Rxa3 Rxe6 56. h4 b4 57. Rf3 b3 58. h5 b2 59. Rf1 Nd3 60. Rd1
Re1 0-1